<?xml version="1.0" encoding="UTF-8"?>
<record
    xmlns:xsi="http://www.w3.org/2001/XMLSchema-instance"
    xsi:schemaLocation="http://www.loc.gov/MARC21/slim http://www.loc.gov/standards/marcxml/schema/MARC21slim.xsd"
    xmlns="http://www.loc.gov/MARC21/slim">

  <leader>02205nam a2200289 a 4500</leader>
  <controlfield tag="003">DO-SdBNP</controlfield>
  <controlfield tag="005">20220920105438.0</controlfield>
  <controlfield tag="007">ta</controlfield>
  <controlfield tag="008">220916e2013    dr aco|gr|||| 001 e spa d</controlfield>
  <datafield tag="040" ind1=" " ind2=" ">
    <subfield code="a">DO-SdBNP</subfield>
    <subfield code="b">spa</subfield>
    <subfield code="c">BNPHU</subfield>
  </datafield>
  <datafield tag="082" ind1=" " ind2="4">
    <subfield code="2">22</subfield>
    <subfield code="b">C749m</subfield>
  </datafield>
  <datafield tag="111" ind1="2" ind2=" ">
    <subfield code="a">Memorias de un Congreso.</subfield>
    <subfield code="n">(1:</subfield>
    <subfield code="d">2013:</subfield>
    <subfield code="c">Bonao, Mose&#xF1;or Noul Rep&#xFA;blica Dominicana)</subfield>
    <subfield code="9">82397</subfield>
  </datafield>
  <datafield tag="245" ind1="1" ind2="0">
    <subfield code="a">Memorias de un Congreso:</subfield>
    <subfield code="b">primer congreso socio-pol&#xED;tico Kolping- Duarte. "vidas y acciones que trascienden fronteras"  /</subfield>
    <subfield code="c">Fotograf&#xED;as, Ram&#xF3;n Antonio Sir&#xED;; Editor, Juan Luciano Amado Rodr&#xED;guez; Pr&#xF3;logo, Francisco Antonio Jim&#xE9;nez</subfield>
  </datafield>
  <datafield tag="246" ind1="1" ind2="0">
    <subfield code="a">Primer congreso socio-pol&#xED;tico Kolping- Duarte:</subfield>
    <subfield code="b">"vidas y acciones que trascienden fronteras" </subfield>
  </datafield>
  <datafield tag="260" ind1=" " ind2=" ">
    <subfield code="a">Bonao, Monse&#xF1;or Nouel :</subfield>
  </datafield>
  <datafield tag="300" ind1=" " ind2=" ">
    <subfield code="a">103 p. :</subfield>
    <subfield code="b">il., fotogr. ;</subfield>
    <subfield code="c">23 cm</subfield>
  </datafield>
  <datafield tag="440" ind1=" " ind2=" ">
    <subfield code="a">Obra Kolping Dominicana</subfield>
    <subfield code="9">82398</subfield>
  </datafield>
  <datafield tag="504" ind1=" " ind2=" ">
    <subfield code="a">Bibliograf&#xED;a: p. 103 p.</subfield>
  </datafield>
  <datafield tag="505" ind1=" " ind2=" ">
    <subfield code="a">Dedicatoria. </subfield>
    <subfield code="g">Instituciones y Organizaciones Participantes en el Congreso Kolping- Duarte.--
</subfield>
  </datafield>
  <datafield tag="505" ind1=" " ind2=" ">
    <subfield code="a">Pr&#xF3;logo.</subfield>
    <subfield code="t"> Palabras de bienvenida a cargo de la se&#xF1;ora Ana Yudy Garc&#xED;a, Directora Ejecutiva Fundaci&#xF3;n Kol-ping Dominicana.-- </subfield>
    <subfield code="t">&#xBF;Qu&#xE9; es un congreso?. / </subfield>
    <subfield code="r">Rev. Francisco Antonio Jim&#xE9;nez.--</subfield>
    <subfield code="t"> Diagn&#xF3;stico socio- pol&#xED;tico del mundo actual. / </subfield>
    <subfield code="r">Juan Luciano Amadis Rodr&#xED;guez.--</subfield>
    <subfield code="t">An&#xE1;lisis de coyuntura de la realidad dominicana. /</subfield>
    <subfield code="r">Juan F. Rosario Hiciano (efren).--</subfield>
    <subfield code="t">Visi&#xF3;n pol&#xED;tica de Juan Pablo Duarte. /</subfield>
    <subfield code="r">Mons. Fausto Mej&#xED;a Vallejo, Obispo de la Di&#xF3;cesis de San Francisco de Macor&#xED;s.-- </subfield>
    <subfield code="g">Tem&#xE1;tica I.</subfield>
    <subfield code="t"> Reflexi&#xF3;n en torno al pensamiento socio-pol&#xED;tico de Juan Pablo Duarte.-- </subfield>
    <subfield code="g">Tem&#xE1;tica II. </subfield>
    <subfield code="t">Reflexi&#xF3;n en torno al pensamiento socio-pol&#xED;tico de Beato Adolfo Kol-ping.--</subfield>
    <subfield code="t">Econom&#xED;a solidaria como expresi&#xF3;n del humanismo cristiano. / </subfield>
    <subfield code="r">Dr. Ingnacio Miranda.-- </subfield>
    <subfield code="t">Respuestas emanadas de las diferentes instituciones en torno al tema del pre-congreso.-- </subfield>
    <subfield code="t">Propuestas y conclusiones generales.-- 

 </subfield>
    <subfield code="t">Bibliograf&#xED;a.</subfield>
  </datafield>
  <datafield tag="590" ind1=" " ind2=" ">
    <subfield code="a">Inventariado 2022 / MF</subfield>
  </datafield>
  <datafield tag="700" ind1="1" ind2=" ">
    <subfield code="a">Sir&#xED;, Ram&#xF3;n Antonio </subfield>
    <subfield code="e">fotogr.</subfield>
    <subfield code="9">82399</subfield>
  </datafield>
  <datafield tag="700" ind1="1" ind2=" ">
    <subfield code="a">Amado Rodr&#xED;guez,  Juan Luciano </subfield>
    <subfield code="e">ed.</subfield>
    <subfield code="9">82400</subfield>
  </datafield>
  <datafield tag="700" ind1="1" ind2=" ">
    <subfield code="9">43496</subfield>
    <subfield code="a">Jim&#xE9;nez, Francisco Antonio</subfield>
    <subfield code="e">pr&#xF3;l.</subfield>
  </datafield>
  <datafield tag="910" ind1=" " ind2=" ">
    <subfield code="a">MFeliz</subfield>
  </datafield>
  <datafield tag="942" ind1=" " ind2=" ">
    <subfield code="2">ddc</subfield>
    <subfield code="c">LBS1</subfield>
  </datafield>
  <datafield tag="952" ind1=" " ind2=" ">
    <subfield code="0">0</subfield>
    <subfield code="1">0</subfield>
    <subfield code="2">ddc</subfield>
    <subfield code="5">1</subfield>
    <subfield code="7">0</subfield>
    <subfield code="8">PD</subfield>
    <subfield code="a">BNPHU</subfield>
    <subfield code="b">BNPHU</subfield>
    <subfield code="c">HD</subfield>
    <subfield code="d">2018-02-19</subfield>
    <subfield code="e">Dep&#xF3;sito Legal / Amigo del Hogar</subfield>
    <subfield code="l">0</subfield>
    <subfield code="o">C749m</subfield>
    <subfield code="p">2022-3978</subfield>
    <subfield code="r">2022-09-16</subfield>
    <subfield code="w">2022-09-16</subfield>
    <subfield code="y">LBS1</subfield>
  </datafield>
  <datafield tag="999" ind1=" " ind2=" ">
    <subfield code="c">52416</subfield>
    <subfield code="d">52416</subfield>
  </datafield>
</record>
